Statistics for Regions of the World

Click here to take the quiz!

General Stats

  • This quiz has been taken 258 times
  • The average score is 13 of 20

Answer Stats

HintAnswer% Correct
Iraq, Saudi Arabia, IsraelMiddle East
91%
Japan, China, South KoreaFar East
81%
Panama, Nicaragua, BelizeCentral America
80%
Libya, Morocco, AlgeriaNorth Africa
75%
Denmark, Sweden, NorwayScandinavia
75%
Indonesia, Vietnam, MalaysiaSoutheast Asia
75%
Andorra, Spain, PortugalIberia
74%
Estonia, Latvia, LithuaniasBaltic States
73%
Serbia, Croatia, MonetengroBalkan Countries
66%
France, U.K, SwitzerlandWestern Europe
64%
Netherlands, Belgium, LuxembourgLow Countries
63%
Ukraine, Romania, BelarusEastern Europe
62%
Argentina, Venezuela, GuatemalaLatin America
61%
Kazakhstan, Turkmenistan, TajikistanCentral Asia
58%
New Zealand, Tuvalu, SamoaOceania
58%
Saudi Arabia, UAE, OmanArabia
57%
Kenya, Tanzania, EthiopiaEast Africa
57%
Cuba, Haiti, JamaicaGreater Antilles
41%
St Lucia, Grenada, BarbadosLesser Antilles
40%
Nigeria, South Africa, D.R.CSub-Saharan Africa
33%

Score Distribution

Percentile by Number Answered

Percent of People with Each Score

Your Score History

You have not taken this quiz